Roman empire provinces - Statistics

General Stats
  • This quiz has been taken 8 times
  • The average score is 10 of 46
Answer Stats
Position Name % Correct
East Asia
75%
Mediterranean Islands Sardinia
75%
East Syria
63%
Germany Belgica
50%
England Britannia
50%
East Cappadocia
50%
Dacia Dacia
50%
East Armenia
38%
Mediterranean Islands Corsica
38%
Croatia Dalmatia
38%
Germany Germania Inferior
38%
Germany Germania Superior
38%
Italy Italia
38%
East Judea
38%
East Arabia
25%
Mediterranean Islands Cyprus
25%
Croatia Noricum
25%
Alps Raetia
25%
Mediterranean Islands Sicilia
25%
Greece Thracia
25%
Africa Aegyptus
13%
Africa Africa proconsularis
13%
France Aquitania
13%
East Galatia
13%
France Lugdunensis
13%
Greece Macedonia
13%
East Mesopotamia
13%
Dacia Moesia Inferior
13%
Dacia Moesia Superior
13%
Croatia Pannonia Inferior
13%
Croatia Pannonia Superior
13%
Greece Achala
0%
Alps Alpes Coliditae
0%
Alps Alpes Mariditiame
0%
Alps Alpes Poeniae
0%
Spain Baetica
0%
Mediterranean Islands Baleares
0%
East Bitynia et Pontus
0%
East Cilicia
0%
Africa Creta et Cyrene
0%
Spain Lusitiana
0%
East Lycia et Pamphylia
0%
Africa Mauretania Caesarienis
0%
Africa Mauretania Tingtama
0%
France Narbonensis
0%
Spain Tarraconensis
0%
No matching quizzes found
Score Distribution
Percent of People with Each Score
Percentile by Number Answered
Your Score History
You have not taken this quiz